Biometan - ten pravý upgrade?
Dokáže česká tradícia výroby bioplynu držať krok s dobou a transformovať sa na dynamické odvetive dodávajúce dostatok biometanu pre potreby plnýrenskej a elektroenergetickej sústavy? Priekopnícké projekty ako EFG Rapotín BPS a EFG Vyškov BPS budia optimizmus, po roku 2025 sa však biometan bez premys...
Gespeichert in:
| 1. Verfasser: | |
|---|---|
| Format: | Buchkapitel |
| Sprache: | Tschechisch |
| Schlagworte: | |
| Tags: |
Keine Tags, Fügen Sie das erste Tag hinzu!
|
MARC
| LEADER | 00000naa a2200000 4500 | ||
|---|---|---|---|
| 001 | 0304380 | ||
| 005 | 20240930141446.8 | ||
| 041 | 0 | |a cze | |
| 044 | |a CZ | ||
| 245 | 1 | 0 | |a Biometan - ten pravý upgrade? |c Klára Hanzlíková |
| 520 | |a Dokáže česká tradícia výroby bioplynu držať krok s dobou a transformovať sa na dynamické odvetive dodávajúce dostatok biometanu pre potreby plnýrenskej a elektroenergetickej sústavy? Priekopnícké projekty ako EFG Rapotín BPS a EFG Vyškov BPS budia optimizmus, po roku 2025 sa však biometan bez premyslenej systémovej podpory nezaobíde. | ||
| 610 | 2 | 0 | |a plyn |
| 610 | 2 | 0 | |a bioplyn |
| 610 | 2 | 0 | |a výroba |
| 610 | 2 | 0 | |a Česko |
| 100 | 1 | |a Hanzlíková, Klára | |